000 00361nam a2200133Ia 4500
005 20260328104313.0
008 260328s9999||||xx |||||||||||||| ||und||
100 _aPicon, Virginie
245 0 _aDesert Tourism :
_b Tracing the Fragile Edges of Development /
_cVirginie Picon
260 _bWilcox Design
300 _a151 p.
650 _aURBANISMO
942 _cBK
999 _c11057
_d11057